000 00765nam a2200193 i 4500
001 17130
003 ES-MaACL
005 20230906151518.0
007 t|
008 001222s1997 sp ||||1| spa d
020 _a84-605-6212-3
080 _a929 Cafranga, José
100 1 _aCabezas Fernández del Campo, José A.
_933210
245 1 0 _aJosé Cafranga
_b: profesor universitario salmantino, prisionero en Francia (1809-1814), concertador de un matrimonio regio (1819), ministro impulsor de la transición sucesoria de 1832 /
_cJosé A. Cabezas Fernández del Campo.
260 _aSalamanca :
_bJ.A. Cabezas Fernández del Campo,
_c[1997]
300 _a266 p. :
_bil. ;
_c24 cm.
600 1 4 _aCafranga, José.
_933422
852 _aES-MaACL
_jL-23926
_bR.129003
999 _c17130
_d17130